L'aurora delle trans cattive : storie, sguardi e vissuti della mia generazione transgender /
Guardat en:
| Autor principal: | |
|---|---|
| Format: | Llibre |
| Idioma: | italià |
| Publicat: |
Roma :
Alegre,
2018
|
| Col·lecció: | Tracce
|
| Matèries: | |
| Etiquetes: |
Sense etiquetes, Sigues el primer a etiquetar aquest registre!
|
MARC
| LEADER | 00000nam a2200000 i 4500 | ||
|---|---|---|---|
| 001 | IT\ICCU\LO1\1703542 | ||
| 003 | ItRI | ||
| 005 | 20260306173010.0 | ||
| 008 | 180312s2018 it |||||| ||||| |||||c | ||
| 015 | |2 IT |a 2019-5698 | ||
| 020 | |a 9788898841837 | ||
| 040 | |b ita |c AN | ||
| 041 | 7 | |a ita |2 ISO-639-2 | |
| 082 | |a 306.768092 |2 23 | ||
| 100 | 1 | |a Marcasciano, Porpora |0 IT\ICCU\RERV\037043 | |
| 245 | 1 | 2 | |a L'aurora delle trans cattive : |b storie, sguardi e vissuti della mia generazione transgender / |c di Porpora Marcasciano. |
| 260 | |a Roma : |b Alegre, |c 2018 | ||
| 300 | |a 239 p. ; |c 21 cm. | ||
| 650 | 7 | |a Transessuali |x Italia |x 1982-2016 |x Memorie |2 nsbncf | |
| 830 | 0 | |a Tracce |0 IT\ICCU\MIL\0658833 | |
| 942 | |2 ddc |c BK | ||
| 952 | |0 0 |1 0 |2 ddc |4 0 |6 306_768092000000000_MAR_AUR |7 0 |9 534 |a AN |b AN |d 2024-01-29 |l 0 |o 306.768092 MAR AUR |p 5073 |r 2024-01-29 21:53:28 |w 2024-01-29 |y BK | ||
| 952 | |0 0 |1 0 |2 ddc |4 0 |6 306_768092000000000_MAR_AUR |7 0 |9 3986 |a AO |b AO |d 2025-04-26 |l 0 |o 306.768092 MAR AUR |p 11171 |r 2025-04-26 10:05:11 |w 2025-04-26 |y BK | ||
| 952 | |0 0 |1 0 |2 ddc |4 0 |6 306_768092000000000_MAR_AUR |7 1 |9 4141 |a AO |b AO |d 2025-05-01 |l 0 |o 306.768092 MAR AUR |p 11318 |r 2025-05-01 20:02:41 |w 2025-05-01 |x Di proprietà di Giulio Gasperini |y BK | ||
| 952 | |0 0 |1 0 |2 ddc |4 0 |6 306_768092000000000_MAR_AUR |7 0 |9 4256 |a AO |b AO |d 2025-05-13 |l 0 |o 306.768092 MAR AUR |p 11433 |r 2025-05-13 11:45:15 |w 2025-05-13 |x PROPRIETA DI SCORZONI GRETA |y BK | ||
| 952 | |0 0 |1 0 |2 ddc |4 0 |6 B_SSR11MARPOAUR11 |7 0 |9 8011 |a MI |b MI |d 2021-03-14 |i 6716 |l 0 |o B-SSR11-MARPO-AUR11 |p CDOM6716 |r 2025-07-13 16:28:51 |w 2025-07-13 |x ACQUISTO |y BK | ||
| 952 | |0 0 |1 0 |2 ddc |4 0 |6 306_766000000000000_MAR_AUR |7 0 |9 9473 |a VT |b VT |d 2025-08-05 |e Acq. Arcigay Viterbo su donazione di Banca Lazio Nord |i B184 |l 0 |o 306.766 MAR AUR |p B184 |r 2025-08-05 17:55:35 |w 2025-08-05 |y BK |z Acq. Arcigay Viterbo su donazione di Banca Lazio Nord | ||
| 952 | |0 0 |1 0 |4 0 |6 T_306_768000000000000_MAR |7 0 |9 21715 |a BO |b BO |d 2026-01-15 |i 18893 |l 0 |o T 306.768 MAR |p BO18893 |r 2026-01-15 23:22:07 |w 2026-01-15 |x [Sebina 5] [1 v.] |y BK |z 1 v. | ||
| 952 | |0 0 |1 0 |4 0 |6 T_306_768000000000000_MAR |7 0 |9 21716 |a BO |b BO |d 2026-01-15 |i 18915 |l 0 |o T 306.768 MAR |p BO18915 |r 2026-01-15 23:22:07 |w 2026-01-15 |x [Sebina 5] [1 v.] |y BK |z 1 v. (2. copia) | ||
| 952 | |0 0 |1 0 |2 ddc |4 0 |6 306_768092000000000_MAR_AUR |7 0 |9 33241 |a RO |b RO |d 2026-03-06 |l 0 |o 306.768092 MAR AUR |p 11769 |r 2026-03-06 17:06:07 |w 2026-03-06 |y BK |z Donato da Eva Croce | ||
| 999 | |c 461 |d 461 | ||